Cheapest Countries to Live In - Statistics

General Stats
  • This quiz has been taken 449 times
  • The average score is 4 of 10
Answer Stats
Rank Country Monthly rent Utilities Rent and utilities combined % Correct
2 India - - -
79%
7 Vietnam - - 350$
60%
8 Thailand - - 370$
56%
1 Nepal - - 120$
44%
5 Malaysia - - 280$
38%
10 Panama 450$ 75$ 525$
22%
9 Guatemala 320$ - -
17%
3 Nicaragua - - 190$
16%
6 Belize 140$ 140$ 280$
14%
4 Albania 200$ - -
10%
No matching quizzes found
Score Distribution
Percent of People with Each Score
Percentile by Number Answered
Your Score History
You have not taken this quiz